000 01603cab a2200229 4500
001 ABS44146
008 090401t1991 xxu||||| |||| 00| 0 eng d
035 _a(Sirsi) u45537
041 _aeng
245 _aMedina BC v Proberun Ltd
260 _c1991
350 _a0
490 _aJournal of Planning and Environment Law
_v1991 JPL 159-165(7)
520 _aCA 15 May 1990. The defendant (P) owned land on the Isle of Wight some distance from the nearest public highway . Existing access was a narrow unmade track. In January 1984 an application was made to renew planning permission granted in 1979 for residential development. In August 1987 outline planning permission was granted subject to conditions inter alia approval of details of access. In October 1987 application was made for approval of a means of access to the site. It was intended that a lane should be made up and surfaced to a uniform width and at its junction with the road splays would be provided. The position of the junction would not change. The County Surveyor claimed the junction would need reconstructing or the lane moving to enter the road at a different point. Either of these solutions would have required the acquisition of rights over land. P appealed but this was dismissed on the grounds that the proposed junction did not reach safety standards. The HC quashed the ins
650 _aGRAMPIAN CONDITIONS
650 _aGRAMPIAN RC V CITY OF ABERDEEN DC
650 _aPLANNING CONDITIONS
650 _aRESERVED MATTERS
690 _aPLANNING LAW AND PRACTICE-CASE LAW
942 _n0
948 _c04/03/1997
999 _c28860
_d28860